Sudden Death-Sherlock Holmes Stories - Statistics

General Stats
  • This quiz has been taken 130 times
    124 since last reset
  • The average score is 6 of 10
Answers on the Grid
Answers color-coded by a green-red scale on the quiz's grid according to % correct below.
A Scandal in Bohemia
A Study in Scarlet
His Last Bow
Murder on the Orient Express
The Adventure of the Speckled Band
The Disappearing Floor
The Field Bazaar
The Final Problem
The Five Orange Pips
The Hound of the Baskervilles
The Murder on the Links
The Murders in the Rue Morgue
The Mystery of the Blue Train
The Purloined Letter
The Secret of Red Gate Farm
The Sign of the Four
The Sign of the Twisted Candles
The Tower Treasure
The Valley of Fear
Three Act Tragedy
 
Answer Stats
Answer % Correct
The Hound of the Baskervilles
85%
A Study in Scarlet
83%
A Scandal in Bohemia
77%
The Final Problem
74%
The Sign of the Four
69%
The Five Orange Pips
61%
The Adventure of the Speckled Band
60%
His Last Bow
58%
The Valley of Fear
56%
The Field Bazaar
11%
No matching quizzes found
Score Distribution
Percent of People with Each Score
Percentile by Number Answered
Your Score History
You have not taken this quiz since the last reset